Xường trai gái dân tộc Mường
Đề cập đến phân âm tiếng Mường, dịch sang tiếng Việt và những bài hát của dân tộc Mường-Việt Nam
Đã lưu trong:
| Định dạng: | Sách |
|---|---|
| Năm xuất bản: |
H.
Văn hoá dân tộc
2012
|
| Chủ đề: | |
| Tags: |
Thêm thẻ
Không có thẻ, Hãy là người đầu tiên gắn thẻ bản ghi này!
|
| LEADER | 00761nam a2200181 4500 | ||
|---|---|---|---|
| 082 | |a 398.87 |b X561tr. | ||
| 100 | |a | ||
| 245 | |a Xường trai gái dân tộc Mường |c Bùi Chí Hăng sưu tầm, dịch | ||
| 260 | |a H. |b Văn hoá dân tộc |c 2012 | ||
| 300 | |a 203 tr. |c 21 cm. | ||
| 520 | |a Đề cập đến phân âm tiếng Mường, dịch sang tiếng Việt và những bài hát của dân tộc Mường-Việt Nam | ||
| 653 | |a Văn hoá dân gian | ||
| 653 | |a bài hát | ||
| 653 | |a Dân tộc Mường | ||
| 653 | |a Việt Nam | ||
| 942 | |2 ddc |c SH | ||
| 999 | |c 7874 |d 7874 | ||
| 952 | |0 0 |1 0 |2 ddc |4 0 |6 398_870000000000000_X561TR |7 0 |8 300 |9 68903 |a qbu |b qbu |c D2 |d 2015-03-24 |g 40000 |o 398.87 X561tr. |p 8058.c1 |r 0000-00-00 |w 2015-03-24 |y SH |0 0 |6 398_870000000000000_X561TR | ||